00595nam a2200205 a 450000100060000000300090000600800410001502000150005604000280007108200180009910000540011724500730017126000280024430000110027265000260028365000300030965000120033965000240035165000140037519209CO-ViMGA141112s2004 ck r 000 u spa d a842771243X aCO-ViMGAbspacCO-ViMGA04a370.196 G172r1 aGArcia Martínez, Alfonso; Sáez Carreras, Juan10aDel Racismo a la interculturalidad : bcompetencia de la educación aMadrid : bNarcea; 1998 a253 p.14aDISCRIMINACION RACIAL14aeducación INTERCULTURAL14aRACISMO14aRELACIONES SOCIALES14aXENOFOBIA